[Event "World Corporate East D"]
[Site "Chess.com INT"]
[Date "2021.02.19"]
[Round "3.3"]
[White "Belohlavek, Petr"]
[Black "Ratsma, Rosa"]
[Result "0-1"]
[WhiteElo "2097"]
[BlackElo "2306"]
[PlyCount "74"]
[EventDate "2021.02.19"]
[EventType "team (rapid)"]
[EventRounds "7"]
[EventCountry "USA"]
[SourceTitle "EXT 2022"]
[Source "ChessBase"]
[SourceDate "2021.10.06"]
[SourceVersion "1"]
[SourceVersionDate "2021.10.06"]
[SourceQuality "1"]
[WhiteTeam "Home Credit Int Moravia"]
[BlackTeam "Dassault Systemes"]
[WhiteTeamCountry "CZE"]
[BlackTeamCountry "FRA"]

1. e4 c5 2. Nf3 d6 3. d4 cxd4 4. Nxd4 Nf6 5. Nc3 a6 6. Bg5 e6 7. f4 Be7 8. Bc4 h6 9. Bxf6 Bxf6 10. Qd2 0-0 11. 0-0-0 Qc7 12. Bb3 b5 13. a3 Rd8 14. f5 Bg5 15. fxe6 Bxd2+ 16. Rxd2 fxe6 17. Bxe6+ Kh8 18. Bd5 Ra7 19. Rf1 Qb6 20. Ba2 Nc6 21. Nd5 Qxd4 22. Rxd4 Nxd4 23. c3 Nc6 24. h3 Ne5 25. Ne3 Re7 26. g4 Be6 27. Bb1 Rf7 28. Rg1 Rf3 29. Nf5 Bxf5 30. exf5 Rxh3 31. Bc2 Kg8 32. Bb3+ d5 33. Bd1 Kf7 34. g5 hxg5 35. Rxg5 Kf6 36. Rg1 d4 37. cxd4 Rxd4 0-1

[Event "CZE-chT2D 1112"]
[Site "Czech Republic"]
[Date "2012.01.08"]
[Round "5"]
[White "Kastner, Oldrich"]
[Black "Belohlavek, Petr"]
[Result "1-0"]
[WhiteElo "2137"]
[BlackElo "2172"]
[PlyCount "153"]
[EventDate "2011.10.09"]
[EventType "team-tourn"]
[EventRounds "11"]
[EventCountry "CZE"]
[SourceTitle "EXT 2013"]
[Source "ChessBase"]
[SourceDate "2012.11.22"]
[SourceVersion "1"]
[SourceVersionDate "2012.11.22"]
[SourceQuality "1"]
[WhiteTeam "Pardubice AKIS"]
[BlackTeam "Trebic Caissa"]
[WhiteTeamCountry "CZE"]
[BlackTeamCountry "CZE"]

1. e4 g6 2. d4 Bg7 3. Nc3 c6 4. Nf3 d5 5. h3 Nh6 6. e5 0-0 7. Bf4 f6 8. exf6 exf6 9. Qd2 Re8+ 10. Be2 Nf7 11. 0-0-0 b5 12. Rde1 a5 13. Bd3 Rxe1+ 14. Rxe1 Na6 15. Qe3 Bd7 16. g4 Nb4 17. Bf1 g5 18. Bg3 f5 19. gxf5 Bxf5 20. Re2 c5 21. Nxb5 Nxa2+ 22. Kb1 Qb6 23. Kxa2 Qxb5 24. Qb3 Qxb3+ 25. Kxb3 cxd4 26. Rd2 a4+ 27. Ka2 Rc8 28. Kb1 Be4 29. Be2 Rc6 30. Ne1 Ne5 31. Bxe5 Bxe5 32. Bb5 Rh6 33. Nd3 Bg7 34. Bd7 Kf8 35. Re2 Bf3 36. Re8+ Kf7 37. Ra8 Ke7 38. Rxa4 Rb6 39. Ra7 Kf6 40. Be8 Re6 41. Rf7+ Kg6 42. Re7+ Kf6 43. Rf7+ Kg6 44. Rf8+ Kh6 45. Rxf3 Rxe8 46. b4 Kg6 47. Kb2 h5 48. Kb3 Bf8 49. Rg3 Bd6 50. f4 g4 51. hxg4 hxg4 52. Rxg4+ Kf5 53. Rg5+ Ke4 54. Rg6 Bf8 55. Rg8 Rc8 56. Kb2 Ke3 57. f5 Kd2 58. Nc5 Rb8 59. Kb3 Rc8 60. f6 Re8 61. f7 Rb8 62. Nd3 Rc8 63. Rg2+ Kd1 64. Ka4 Rb8 65. Nc5 Bxc5 66. bxc5 Rf8 67. c6 Rxf7 68. Kb5 Rf3 69. c7 Rc3 70. Kb6 d3 71. cxd3 Rb3+ 72. Kc6 Rxd3 73. Rg5 d4 74. c8Q Rc3+ 75. Rc5 Rxc5+ 76. Kxc5 d3 77. Kd4 1-0

[Event "CZE-chT1E 1011"]
[Site "Czech Republic"]
[Date "2011.03.20"]
[Round "10"]
[White "Belohlavek, Petr"]
[Black "Uricar, Jakub"]
[Result "0-1"]
[WhiteElo "2221"]
[BlackElo "2216"]
[PlyCount "46"]
[EventDate "2010.10.10"]
[EventType "team-tourn"]
[EventRounds "11"]
[EventCountry "CZE"]
[SourceTitle "EXT 2012"]
[Source "ChessBase"]
[SourceDate "2011.11.24"]
[SourceVersion "1"]
[SourceVersionDate "2011.11.24"]
[SourceQuality "1"]
[WhiteTeam "Jihlava Gordic"]
[BlackTeam "Stare Mesto"]
[WhiteTeamCountry "CZE"]
[BlackTeamCountry "CZE"]

1. c4 e5 2. g3 Nc6 3. Bg2 d6 4. Nc3 g6 5. e3 Bg7 6. Nge2 Be6 7. d3 Qd7 8. 0-0 Nh6 9. Rb1 Bh3 10. b4 Bxg2 11. Kxg2 0-0 12. h3 f5 13. f4 Rae8 14. Qb3 Kh8 15. b5 Nd8 16. Bd2 Ne6 17. Na4 g5 18. Rbe1 Rg8 19. Kh2 Re7 20. Bc3 Qe8 21. d4 gxf4 22. exf4 exd4 23. Ba1 Nc5 0-1

[Event "CZE-chT2D 1011"]
[Site "Czech Republic"]
[Date "2010.11.21"]
[Round "3"]
[White "Belohlavek, Petr"]
[Black "Hajek, Lukas"]
[Result "1/2-1/2"]
[WhiteElo "2221"]
[BlackElo "2089"]
[PlyCount "92"]
[EventDate "2010.10.17"]
[EventType "team-tourn"]
[EventRounds "11"]
[EventCountry "CZE"]
[SourceTitle "EXT 2012"]
[Source "ChessBase"]
[SourceDate "2011.11.24"]
[SourceVersion "1"]
[SourceVersionDate "2011.11.24"]
[SourceQuality "1"]
[WhiteTeam "Trebic Caissa"]
[BlackTeam "Zajecice"]
[WhiteTeamCountry "CZE"]
[BlackTeamCountry "CZE"]

1. e4 c6 2. d4 d5 3. e5 Bf5 4. Nc3 e6 5. Be3 Nd7 6. g4 Bg6 7. Nh3 h6 8. Nf4 Bh7 9. Qd2 Qa5 10. 0-0-0 Bb4 11. Nh5 Be4 12. Rg1 Nb6 13. a3 Bxc3 14. Qxc3 Qxc3 15. bxc3 g6 16. Nf4 Nc4 17. Bxc4 dxc4 18. Rdf1 g5 19. Nh5 Bg6 20. Ng3 Ne7 21. Kb2 Nd5 22. Bd2 Rd8 23. f4 gxf4 24. Bxf4 Nb6 25. Ne2 Rd5 26. Rb1 h5 27. g5 Ke7 28. Kc1 Rhd8 29. Rb4 Ra5 30. Kb2 Na4+ 31. Kb1 b5 32. Bc1 c5 33. dxc5 Nxc5 34. Nd4 Rc8 35. Nxb5 Ne4 36. Kb2 a6 37. Nd6 Nxd6 38. exd6+ Kxd6 39. Rd1+ Rd5 40. Rd4 a5 41. Bf4+ e5 42. Rb6+ Kc5 43. Rb5+ Kxb5 44. Rxd5+ Rc5 45. Rxe5 Rxe5 46. Bxe5 a4 1/2-1/2

[Event "CZE-chT2d 0607"]
[Site "Czech Republic"]
[Date "2007.02.11"]
[Round "7"]
[White "Sekanina, Jiri"]
[Black "Belohlavek, Petr"]
[Result "1-0"]
[WhiteElo "2151"]
[BlackElo "2193"]
[PlyCount "75"]
[EventDate "2006.10.15"]
[EventType "team-tourn"]
[EventRounds "11"]
[EventCountry "CZE"]
[SourceTitle "EXT 2009"]
[Source "ChessBase"]
[SourceDate "2008.11.26"]
[SourceVersion "1"]
[SourceVersionDate "2008.11.26"]
[SourceQuality "1"]

1. c4 e5 2. Nc3 Nf6 3. Nf3 d6 4. d4 exd4 5. Nxd4 g6 6. g3 Bg7 7. Bg2 0-0 8. 0-0 Nbd7 9. e4 Re8 10. h3 Nc5 11. Re1 a5 12. b3 Nfd7 13. Be3 c6 14. Qc2 Qe7 15. Rad1 Nf8 16. f4 Bd7 17. Bf2 Rad8 18. a3 Nfe6 19. Nde2 Nc7 20. b4 axb4 21. axb4 N5a6 22. Rb1 d5 23. cxd5 Nxb4 24. Qb3 Nd3 25. Red1 Nxf2 26. d6 Be6 27. Qa3 Ra8 28. Qc5 Na6 29. Qxf2 Qd8 30. Rxb7 Qc8 31. Qb6 Qd8 32. e5 Qxb6+ 33. Rxb6 Red8 34. Bxc6 Ra7 35. Ra1 Bc4 36. Bb5 Bxb5 37. Nxb5 Raa8 38. Raxa6 1-0

[Event "Pardubice opB"]
[Site "Pardubice"]
[Date "2004.??.??"]
[Round "6"]
[White "Klimakovs, Sergejs"]
[Black "Belohlavek, Petr"]
[Result "1-0"]
[WhiteElo "2285"]
[BlackElo "2205"]
[PlyCount "93"]
[EventDate "2004.07.??"]
[EventType "swiss"]
[EventRounds "7"]
[EventCountry "CZE"]
[SourceTitle "EXT 2005"]
[Source "ChessBase"]
[SourceDate "2004.11.15"]
[SourceVersion "1"]
[SourceVersionDate "2004.11.15"]
[SourceQuality "1"]

1. e4 c5 2. Nf3 d6 3. d4 cxd4 4. Nxd4 Nf6 5. Nc3 a6 6. g3 e5 7. Nde2 Be7 8. Bg2 Qc7 9. a4 Nbd7 10. 0-0 Rb8 11. Nd5 Nxd5 12. exd5 0-0 13. Kh1 b5 14. axb5 Rxb5 15. f4 exf4 16. Nd4 Rb6 17. Rxf4 Bf6 18. Nc6 Re8 19. c3 Ne5 20. Qe2 Bg5 21. Rc4 Bxc1 22. Nxe5 Rxb2 23. Qf1 Qb7 24. Qxc1 dxe5 25. Qf1 Bd7 26. d6 Qb5 27. Rc7 Qxf1+ 28. Bxf1 Be6 29. Rxa6 Rd8 30. c4 Rb1 31. Kg2 Rb2+ 32. Kf3 f5 33. Rca7 Rb3+ 34. Kf2 Rb2+ 35. Ke3 g5 36. Ra8 Rbb8 37. Rxb8 Rxb8 38. c5 Kf7 39. Ra7+ Kf6 40. c6 Rb6 41. Ra6 Rb3+ 42. Kd2 Rb4 43. c7 Rd4+ 44. Kc3 Kf7 45. Rc6 Ke8 46. Bb5 Rd5 47. Rc5+ 1-0

[Event "MOR-chT2S 0203"]
[Site "Moravia"]
[Date "2003.03.16"]
[Round "10"]
[White "Mlensky, Dalibor"]
[Black "Belohlavek, Petr"]
[Result "1/2-1/2"]
[WhiteElo "2086"]
[BlackElo "2262"]
[PlyCount "86"]
[EventDate "2002.10.??"]
[EventType "team-tourn"]
[EventRounds "11"]
[EventCountry "CZE"]
[SourceTitle "EXT 2006"]
[Source "ChessBase"]
[SourceDate "2005.11.24"]
[SourceVersion "1"]
[SourceVersionDate "2005.11.24"]
[SourceQuality "1"]

1. e4 c5 2. Nf3 d6 3. d4 cxd4 4. Nxd4 Nf6 5. Nc3 a6 6. g3 e5 7. Nde2 Be7 8. Bg2 Qc7 9. h3 b5 10. Be3 Bb7 11. g4 0-0 12. Ng3 Rd8 13. 0-0 Bf8 14. g5 Nfd7 15. Nd5 Bxd5 16. Qxd5 Nb6 17. Qd1 Nc4 18. Bc1 Nd7 19. a4 Rac8 20. axb5 axb5 21. c3 Rb8 22. Nf5 Nc5 23. b3 Nb6 24. Ne3 Ne6 25. Nd5 Nxd5 26. exd5 Nc5 27. Be3 Nd7 28. Qc2 g6 29. Ra7 Rb7 30. Rfa1 Rdb8 31. R7a6 Nb6 32. Qd3 Bg7 33. Rc1 Qd7 34. Kh2 f5 35. gxf6 Bxf6 36. Bf3 Qf5 37. Be4 Qh5 38. Rca1 Bg5 39. Rg1 Bxe3 40. Qxe3 Kg7 41. Rga1 Qh6 42. Qxh6+ Kxh6 43. R1a5 Nc8 1/2-1/2

[Event "MOR-chT2S 0203"]
[Site "Moravia"]
[Date "2003.03.02"]
[Round "9"]
[White "Belohlavek, Petr"]
[Black "Mlynek, Petr"]
[Result "1/2-1/2"]
[WhiteElo "2262"]
[BlackElo "2260"]
[PlyCount "105"]
[EventDate "2002.10.??"]
[EventType "team-tourn"]
[EventRounds "11"]
[EventCountry "CZE"]
[SourceTitle "EXT 2006"]
[Source "ChessBase"]
[SourceDate "2005.11.24"]
[SourceVersion "1"]
[SourceVersionDate "2005.11.24"]
[SourceQuality "1"]

1. e4 c6 2. d4 d5 3. Nd2 dxe4 4. Nxe4 Nd7 5. Ng5 Ngf6 6. Bd3 e6 7. N1f3 Bd6 8. 0-0 h6 9. Ne4 Nxe4 10. Bxe4 Nf6 11. Bd3 Qc7 12. c4 0-0 13. b3 b6 14. Bb2 Bb7 15. c5 bxc5 16. dxc5 Bxc5 17. Bxf6 gxf6 18. Qc1 Rfd8 19. Qxc5 Rxd3 20. Rac1 Rd5 21. Qc3 Kg7 22. Rfe1 Qf4 23. g3 Qg4 24. Nd2 c5 25. Ne4 Qf5 26. f3 Rad8 27. g4 Qf4 28. Ng3 Qd4+ 29. Qxd4 cxd4 30. Nh5+ Kf8 31. Nxf6 Ra5 32. Rc7 Bxf3 33. Rf1 d3 34. Nd7+ Kg8 35. Rxf3 d2 36. Rd3 Rd5 37. Nf6+ Kg7 38. Nxd5 Rxd5 39. Rxd2 Rxd2 40. Rxa7 Rb2 41. h3 Kg6 42. Ra5 f6 43. h4 f5 44. gxf5+ exf5 45. Ra6+ Kh5 46. Ra4 Kg6 47. Ra5 f4 48. h5+ Kf6 49. Kf1 f3 50. Kg1 Rg2+ 51. Kf1 Rb2 52. Kg1 Rg2+ 53. Kf1 1/2-1/2